[Event "21st Abu Dhabi Masters 2014"]
[Site "Abu Dhabi UAE"]
[Date "2014.08.21"]
[Round "2.10"]
[White "Amin, Bassem"]
[Black "Shyam, Sundar M."]
[Result "1/2-1/2"]
[WhiteTitle "GM"]
[BlackTitle "GM"]
[WhiteElo "2627"]
[BlackElo "2468"]
[WhiteFideId "10601457"]
[BlackFideId "5019141"]
[EventDate "2014.08.20"]

1. Nf3 d5 2. g3 Bg4 3. Bg2 Nd7 4. c4 e6 5. cxd5 exd5 6. Nc3 c6 7. O-O Ngf6 8. d3
Bc5 9. Qb3 Bb6 10. Na4 O-O 11. Nxb6 axb6 12. Qc2 Re8 13. Re1 Bxf3 14. Bxf3 d4
15. Bd2 h5 16. Bg5 Ra5 17. h4 Rf5 18. b4 Qb8 19. a4 Ng4 20. Rf1 Ndf6 21. Bxf6
Rxf6 22. Qb3 Rg6 23. Kh1 Qc8 24. Kg2 Qc7 25. Rg1 Ne3+ 26. Kh1 Qd7 27. Kh2 Ng4+
28. Kg2 Qf5 29. Qb2 Qe5 30. a5 b5 31. Rac1 Ne3+ 32. Kh1 Ng4 33. Rg2 Ree6 34. Qd2
Qd6 35. Rc5 Re5 36. a6 bxa6 37. Rxc6 Qxc6 38. Bxc6 Rxc6 39. Qb2 Rc3 40. Rg1
Nxf2+ 41. Kg2 Ng4 42. Rc1 Rxc1 43. Qxc1 Rxe2+ 44. Kg1 Re6 45. Qc8+ Kh7 46. Qc5
Re1+ 47. Kg2 Re2+ 48. Kf1 Re5 49. Qxd4 g6 50. Qa7 Kg7 51. Qxa6 Nh2+ 52. Kg1 Ng4
53. Qa1 Kg8 54. d4 Rf5 55. d5 Rf3 56. Qa8+ Kg7 57. Qb8 Rd3 58. Qxb5 Rd1+ 59. Kg2
Rxd5 60. Qe2 Nf6 61. Qb2 Rb5 62. Qd4 Rd5 63. Qc3 Rf5 64. Qb2 Kg8 65. b5 Nd5 66.
Qd4 Kh7 67. Kg1 Kg8 68. Qc5 Kg7 69. Qc8 Nb6 70. Qe8 Nd5 71. Qd8 Kh7 72. Qf8 Ne3
73. b6 Rf1+ 74. Kh2 Rf2+ 75. Kg1 Rf1+ 1/2-1/2

[Event "21st Abu Dhabi Masters 2014"]
[Site "Abu Dhabi UAE"]
[Date "2014.08.21"]
[Round "2.11"]
[White "Raetsky, Alexander"]
[Black "Rakhmanov, Aleksandr"]
[Result "0-1"]
[WhiteTitle "GM"]
[BlackTitle "GM"]
[WhiteElo "2426"]
[BlackElo "2626"]
[WhiteFideId "4103203"]
[BlackFideId "4173708"]
[EventDate "2014.08.20"]

1. e4 d5 2. exd5 Qxd5 3. Nc3 Qd6 4. d4 g6 5. Nf3 Bg7 6. Nb5 Qb6 7. Na3 c6 8. Nc4
Qc7 9. g3 Be6 10. Bf4 Qc8 11. Qd2 Nd7 12. Be2 h6 13. Nfe5 Ndf6 14. h4 Nd5 15. h5
g5 16. Be3 Ngf6 17. f3 Nxe3 18. Nxe3 O-O 19. O-O-O Rd8 20. Qb4 Qc7 21. Bc4 Bxc4
22. Qxc4 Nd5 23. Nxd5 Rxd5 24. f4 Rad8 25. c3 b5 26. Qe2 b4 27. Qc4 bxc3 28.
bxc3 Bxe5 29. dxe5 Qb6 30. Rxd5 Qe3+ 31. Kb2 Rxd5 32. Qxc6 Qe2+ 33. Ka1 Ra5 34.
a4 Qc2 0-1

[Event "21st Abu Dhabi Masters 2014"]
[Site "Abu Dhabi UAE"]
[Date "2014.08.21"]
[Round "2.12"]
[White "Sumets, Andrey"]
[Black "Berescu, Alin-Mile"]
[Result "1-0"]
[WhiteTitle "GM"]
[BlackTitle "GM"]
[WhiteElo "2622"]
[BlackElo "2458"]
[WhiteFideId "14105500"]
[BlackFideId "1204920"]
[EventDate "2014.08.20"]

1. d4 d5 2. c4 e6 3. Nf3 c6 4. e3 f5 5. Be2 Nf6 6. O-O Bd6 7. b3 Qe7 8. Bb2 O-O
9. Qc1 b6 10. Ba3 c5 11. Nc3 Nbd7 12. dxc5 bxc5 13. cxd5 Nxd5 14. Rd1 Bb7 15.
Bb2 Rac8 16. Qd2 N7f6 17. Qe1 Bb8 18. Rac1 Kh8 19. Nd2 Rfd8 20. Nf1 Nb4 21. a3
Nbd5 22. Ng3 f4 23. exf4 Nxf4 24. Bf1 Ng4 25. Rxd8+ Rxd8 26. Nce4 Rd5 27. Bc4
Qh4 28. h3 Nxh3+ 29. gxh3 Qxh3 30. Bxd5 Bxg3 31. Bxg7+ Kxg7 32. Qc3+ Kf8 33.
Qxg3 Qxg3+ 34. fxg3 Bxd5 35. Nxc5 Ke7 36. b4 Kd6 37. Nd3 1-0

[Event "21st Abu Dhabi Masters 2014"]
[Site "Abu Dhabi UAE"]
[Date "2014.08.21"]
[Round "2.13"]
[White "Vidit, Santosh Gujrathi"]
[Black "Meszaros, Tamas"]
[Result "1-0"]
[WhiteTitle "GM"]
[BlackTitle "IM"]
[WhiteElo "2602"]
[BlackElo "2422"]
[WhiteFideId "5029465"]
[BlackFideId "717410"]
[EventDate "2014.08.20"]

1. d4 Nf6 2. c4 e6 3. Nf3 Bb4+ 4. Nbd2 O-O 5. a3 Be7 6. e4 d6 7. Be2 Nbd7 8. b3
c5 9. Bb2 cxd4 10. Nxd4 Nc5 11. Qc2 Bd7 12. O-O g6 13. f4 e5 14. fxe5 dxe5 15.
N4f3 Ng4 16. Nxe5 Ne3 17. Nxf7 Bf6 18. Bxf6 Qxf6 19. Rxf6 Nxc2 20. Raf1 Kg7 21.
e5 Ne3 22. R1f2 Bf5 23. Nd6 Rxf6 24. exf6+ Kxf6 25. b4 Na4 26. Nxb7 Ke7 27. Bf3
Nc3 28. Nf1 Nxf1 29. Rxf1 1-0

[Event "21st Abu Dhabi Masters 2014"]
[Site "Abu Dhabi UAE"]
[Date "2014.08.21"]
[Round "2.14"]
[White "Gagare, Shardul"]
[Black "Burmakin, Vladimir"]
[Result "1/2-1/2"]
[WhiteTitle "IM"]
[BlackTitle "GM"]
[WhiteElo "2421"]
[BlackElo "2593"]
[WhiteFideId "5037883"]
[BlackFideId "4105109"]
[EventDate "2014.08.20"]

1. c4 c6 2. g3 d5 3. Bg2 Nf6 4. Nf3 dxc4 5. O-O Nbd7 6. Qc2 Nb6 7. a4 a5 8. Na3
Be6 9. Ng5 Qd7 10. Nxe6 Qxe6 11. d3 cxd3 12. Qxd3 g6 13. Be3 Nbd5 14. Bd4 Nb4
15. Qc3 Bg7 16. e4 O-O 17. Rad1 Rfd8 18. f4 c5 19. Be5 Nc6 20. Bxf6 exf6 21.
Qxc5 Bf8 22. Qb6 Rac8 23. Kh1 Qe7 24. Nc4 Rxd1 25. Rxd1 Qc7 26. b3 Bb4 27. Bh3
Qxb6 28. Nxb6 Re8 29. Bg2 Kf8 30. e5 fxe5 31. Bxc6 bxc6 32. Nd7+ Kg7 33. Nxe5
Re6 34. Rd7 Rf6 35. Rc7 Bd6 36. Ra7 Bxe5 37. fxe5 Rf3 38. e6 Kf8 39. Kg2 Rxb3
40. Rxf7+ Ke8 41. Rxh7 Rb4 42. Rc7 1/2-1/2

[Event "21st Abu Dhabi Masters 2014"]
[Site "Abu Dhabi UAE"]
[Date "2014.08.21"]
[Round "2.15"]
[White "Salem, A.R. Saleh"]
[Black "Ramnath Bhuvanesh, R"]
[Result "1-0"]
[WhiteTitle "GM"]
[BlackTitle "IM"]
[WhiteElo "2591"]
[BlackElo "2420"]
[WhiteFideId "9301348"]
[BlackFideId "5026598"]
[EventDate "2014.08.20"]

1. d4 Nf6 2. c4 g6 3. Nc3 Bg7 4. e4 d6 5. f3 O-O 6. Be3 Nc6 7. Nge2 a6 8. Qd2
Rb8 9. Rb1 b5 10. cxb5 axb5 11. b4 Bd7 12. d5 Ne5 13. Nd4 Qe8 14. Be2 e6 15. O-O
Nc4 16. Bxc4 bxc4 17. Rfe1 e5 18. Nde2 h5 19. a4 Bxa4 20. Nxa4 Qxa4 21. Rec1 Rb7
22. Rxc4 Ra8 23. Nc3 Qa3 24. b5 Ne8 25. h4 Bf6 26. Qf2 Bd8 27. Kh2 Nf6 28. Kh3
Be7 29. Qc2 Kg7 30. g3 Nd7 31. Kg2 Bd8 32. Bf2 Be7 33. Rb2 Qa1 34. Na4 Nb6 35.
Ra2 1-0

[Event "21st Abu Dhabi Masters 2014"]
[Site "Abu Dhabi UAE"]
[Date "2014.08.21"]
[Round "2.16"]
[White "Sunilduth Lyna, Narayanan"]
[Black "Iordachescu, Viorel"]
[Result "1/2-1/2"]
[BlackTitle "GM"]
[WhiteElo "2414"]
[BlackElo "2589"]
[WhiteFideId "5058422"]
[BlackFideId "13900200"]
[EventDate "2014.08.20"]

1. d4 Nf6 2. c4 e6 3. Nf3 Bb4+ 4. Nbd2 d5 5. Qa4+ Nc6 6. e3 O-O 7. a3 Be7 8. Qc2
a5 9. b3 Nb8 10. Bb2 Nbd7 11. Bd3 c5 12. cxd5 exd5 13. O-O b6 14. Ne5 Bb7 15.
Nxd7 Qxd7 16. dxc5 bxc5 17. Bxf6 Bxf6 18. Bxh7+ Kh8 19. Bf5 Qe7 20. Rac1 g6 21.
Bg4 c4 22. bxc4 Qxa3 23. Rb1 Ra7 24. Bf3 Rc8 25. Qd1 a4 26. cxd5 Ba6 27. Be2 Qe7
28. Bxa6 Rxa6 29. Qg4 Rd8 30. Ne4 a3 31. d6 Qe5 32. Nxf6 Qxf6 33. d7 Kg8 34. h4
Ra7 35. Ra1 Rdxd7 36. Rxa3 Rxa3 37. Qxd7 Qxh4 38. Qe8+ Kg7 39. Qe5+ Qf6 40.
Qxf6+ Kxf6 41. Rb1 Ra2 42. g3 g5 43. Rb4 Kg6 44. g4 Rc2 45. Kg2 Ra2 46. Kg3 Ra3
47. Rb6+ Kg7 48. Rb5 Kg6 49. Re5 Rb3 50. Ra5 Rc3 51. Kf3 Rc2 52. Ra6+ Kg7 53. e4
Rc3+ 54. Kg2 Rb3 55. Ra5 Kg6 56. e5 Rb4 57. Kg3 Rb3+ 58. f3 Rc3 59. Kf2 Rb3 60.
Ra6+ Kg7 61. e6 fxe6 62. Rxe6 Kf7 63. Ra6 Rc3 64. Ke2 Rb3 65. Rd6 Ra3 66. Rd3
Ra4 67. Ke3 Ke6 68. Rb3 Ra5 69. Rb6+ Kf7 70. Ke4 Ra4+ 71. Kf5 Rf4+ 72. Kxg5 Rxf3
73. Rb7+ Kg8 74. Kg6 Rf8 75. g5 Ra8 76. Rb6 Rc8 77. Kh6 Ra8 78. g6 Rc8 79. Rb7
Ra8 80. Rg7+ Kh8 81. Rh7+ Kg8 82. Rg7+ 1/2-1/2

[Event "21st Abu Dhabi Masters 2014"]
[Site "Abu Dhabi UAE"]
[Date "2014.08.21"]
[Round "2.17"]
[White "Volkov, Sergey"]
[Black "Rajesh, V A V"]
[Result "1/2-1/2"]
[WhiteTitle "GM"]
[BlackTitle "IM"]
[WhiteElo "2583"]
[BlackElo "2404"]
[WhiteFideId "4122763"]
[BlackFideId "5029317"]
[EventDate "2014.08.20"]

1. d4 Nf6 2. c4 g6 3. Nc3 d5 4. Nf3 Bg7 5. Bg5 Ne4 6. Bf4 Nxc3 7. bxc3 dxc4 8.
e4 O-O 9. Bxc4 c5 10. Rc1 cxd4 11. cxd4 Bg4 12. d5 Nd7 13. O-O Rc8 14. h3 Bxf3
15. Qxf3 Qa5 16. Bb3 Qb5 17. Bg5 Bf6 18. Bxf6 exf6 19. Qf4 Kg7 20. Rfd1 Ne5 21.
Qe3 Qb6 22. Qxb6 axb6 23. d6 Rxc1 24. Rxc1 Rd8 25. f4 Nd3 26. Rc7 Rxd6 27. Rxf7+
Kh8 28. g3 Rd4 29. Rxb7 Rxe4 30. Rxb6 Re3 31. Kg2 Nc5 32. g4 Kg7 33. h4 h5 34.
g5 fxg5 35. fxg5 Nxb3 36. axb3 Rd3 37. b4 Rb3 38. Rb7+ Kf8 39. b5 Rb4 40. Kg3
Rg4+ 41. Kh3 Rb4 42. b6 Rb3+ 43. Kg2 Rb4 44. Kg3 Ke8 45. Kf3 Kf8 46. Ke3 Ke8 47.
Kd3 Kd8 48. Ke3 Ke8 49. Kf3 Kf8 50. Ke2 Ke8 51. Ke3 Kd8 52. Kd3 Rxh4 53. Rg7 Kc8
54. Ke3 Rg4 55. Rxg6 Kb7 56. Kf3 Ka6 57. Kf2 Kb7 58. Ke2 Ka6 59. Kf3 Kb7 60. Rg8
Kxb6 61. g6 Kb7 62. g7 Ka7 63. Ke3 Kb7 64. Kf2 Ka7 65. Rh8 Rxg7 66. Rxh5 1/2-1/2

[Event "21st Abu Dhabi Masters 2014"]
[Site "Abu Dhabi UAE"]
[Date "2014.08.21"]
[Round "2.18"]
[White "Lalith, Babu M.R."]
[Black "Karavade, Eesha"]
[Result "1-0"]
[WhiteTitle "GM"]
[BlackTitle "IM"]
[WhiteElo "2565"]
[BlackElo "2392"]
[WhiteFideId "5024595"]
[BlackFideId "5012600"]
[EventDate "2014.08.20"]

1. d4 Nf6 2. c4 e6 3. Nf3 d5 4. Nc3 Bb4 5. Bg5 h6 6. Bxf6 Qxf6 7. e3 O-O 8. Rc1
dxc4 9. Bxc4 c5 10. dxc5 Bxc5 11. Qc2 Nc6 12. O-O Bb6 13. a3 Bd7 14. Na4 Ne5 15.
Nxe5 Bxa4 16. Qe4 Bc6 17. Nxc6 bxc6 18. b4 Rfd8 19. Bd3 Qb2 20. a4 Qa3 21. Bc2
Rac8 22. Qh7+ Kf8 23. Qh8+ Ke7 24. Qxg7 Qxb4 25. Qxh6 Rg8 26. g3 Qg4 27. Bd1 Qe4
28. Qh5 Qb4 29. Qe2 Qd6 30. Rc4 Rg5 31. Bc2 Rd5 32. Be4 Rd2 33. Qh5 c5 34. Qg5+
Kd7 35. Qf6 Ke8 36. Bf3 Bd8 37. Qh8+ Qf8 38. Qh7 Bf6 39. Bh5 Qg7 40. Qe4 Rd7 41.
Qxe6+ 1-0

[Event "21st Abu Dhabi Masters 2014"]
[Site "Abu Dhabi UAE"]
[Date "2014.08.21"]
[Round "2.19"]
[White "Hejazipour, Mitra"]
[Black "Gopal, G.N."]
[Result "0-1"]
[WhiteTitle "WIM"]
[BlackTitle "GM"]
[WhiteElo "2269"]
[BlackElo "2558"]
[WhiteFideId "12505951"]
[BlackFideId "5015693"]
[EventDate "2014.08.20"]

1. d4 Nf6 2. c4 g6 3. Nc3 d5 4. Nf3 Bg7 5. Bf4 O-O 6. Rc1 dxc4 7. e4 Bg4 8. Bxc4
Nh5 9. Be3 Bxf3 10. Qxf3 Bxd4 11. O-O c5 12. Bd5 Nd7 13. Rfd1 e6 14. Bxb7 Rb8
15. Ba6 Ne5 16. Qe2 Qh4 17. h3 Rfd8 18. Rd2 Nf4 19. Bxf4 Qxf4 20. Rcd1 Rd6 21.
Kh1 Rbd8 22. Bb5 Qf6 23. Ba4 a6 24. Qf1 g5 25. f3 h5 26. Bb3 h4 27. Ne2 Ng6 28.
Bc4 a5 29. Nxd4 Rxd4 30. Qf2 Nf4 31. Qe3 e5 32. b3 Kg7 33. a3 Qd6 34. Bd5 Qb6
35. Qc3 Nxd5 36. exd5 R8xd5 37. Qe3 f6 38. Rxd4 cxd4 39. Qd3 Rc5 40. f4 gxf4 41.
Qf5 Qc6 42. Qg4+ Kf7 43. Qxh4 Qe4 44. Qg4 Rc7 45. Qh5+ Kg7 46. Qg4+ Qg6 47. Qf3
Qg3 48. Qd5 f3 49. gxf3 Qxh3+ 50. Kg1 0-1

[Event "21st Abu Dhabi Masters 2014"]
[Site "Abu Dhabi UAE"]
[Date "2014.08.21"]
[Round "2.20"]
[White "Horvath, Adam1"]
[Black "Iniyan, P"]
[Result "1-0"]
[WhiteTitle "GM"]
[WhiteElo "2536"]
[BlackElo "2048"]
[WhiteFideId "708003"]
[BlackFideId "25002767"]
[EventDate "2014.08.20"]

1. e4 c5 2. Nf3 d6 3. d4 cxd4 4. Nxd4 Nf6 5. Nc3 a6 6. h3 e6 7. g4 d5 8. exd5
Nxd5 9. Nde2 Bb4 10. Bg2 O-O 11. O-O Nxc3 12. Nxc3 Qc7 13. Qd4 Bd6 14. Ne4 Be5
15. Qc5 Bh2+ 16. Kh1 Nd7 17. Qa3 Be5 18. f4 Bd4 19. c3 Bb6 20. Qe7 Nb8 21. Qxc7
Bxc7 22. Be3 Nc6 23. Rad1 Rb8 24. Bc5 Re8 25. Bd6 Bxd6 26. Rxd6 Kf8 27. Rfd1 Ke7
28. R6d2 Rd8 29. Nd6 Bd7 30. Nxf7 Kxf7 31. Rxd7+ Rxd7 32. Rxd7+ Kf8 33. Kg1 Na5
34. b4 Nc6 35. Bxc6 bxc6 36. Rc7 Rb6 37. Kf2 a5 38. a3 axb4 39. axb4 h6 40. Ke3
Rb5 41. Rxc6 Ke7 42. Rc5 Rb6 43. b5 Kd6 44. Rc6+ Rxc6 45. bxc6 1-0

[Event "21st Abu Dhabi Masters 2014"]
[Site "Abu Dhabi UAE"]
[Date "2014.08.21"]
[Round "2.21"]
[White "Ahmed, Fareed"]
[Black "Abasov, Nijat"]
[Result "0-1"]
[BlackTitle "GM"]
[WhiteElo "1899"]
[BlackElo "2527"]
[WhiteFideId "9303677"]
[BlackFideId "13402960"]
[EventDate "2014.08.20"]

1. e4 c6 2. d4 d5 3. Nc3 dxe4 4. Nxe4 Nf6 5. Nxf6+ exf6 6. c3 Bd6 7. Bd3 O-O 8.
Ne2 Qc7 9. Qc2 h6 10. Be3 Be6 11. c4 Bb4+ 12. Nc3 Nd7 13. O-O Bxc3 14. Qxc3 Rfe8
15. Qc2 Rad8 16. b3 Nf8 17. Bf5 Qa5 18. Bxe6 Nxe6 19. Rad1 Rd7 20. Rd2 Red8 21.
Rfd1 Nxd4 22. Qb2 Ne6 23. g3 Rxd2 24. Rxd2 Rxd2 25. Qxd2 Qxd2 26. Bxd2 Kh7 27.
Kg2 Kg6 28. Kf3 f5 29. b4 b5 30. cxb5 cxb5 31. Be3 a6 32. g4 fxg4+ 33. Ke4 h5
34. Kd5 Kf5 35. Kc6 Ke5 36. Kb7 Kd5 37. Kxa6 Kc4 38. Kb7 Kxb4 39. Kc6 Kc4 0-1

[Event "21st Abu Dhabi Masters 2014"]
[Site "Abu Dhabi UAE"]
[Date "2014.08.21"]
[Round "2.22"]
[White "Al-Halila, Ayman"]
[Black "Parligras, Mircea-Emilian"]
[Result "0-1"]
[WhiteTitle "IM"]
[BlackTitle "GM"]
[WhiteElo "2161"]
[BlackElo "2574"]
[WhiteFideId "9400168"]
[BlackFideId "1204297"]
[EventDate "2014.08.20"]

1. Nf3 c5 2. c4 Nf6 3. b3 e6 4. Bb2 d5 5. e3 Nc6 6. cxd5 exd5 7. Be2 Bd6 8. O-O
O-O 9. d4 cxd4 10. Nxd4 Re8 11. Nxc6 bxc6 12. Nd2 Bc7 13. Re1 Qd6 14. g3 Bb6 15.
Nc4 Qe7 16. Nxb6 axb6 17. a4 Bb7 18. Bf3 Rad8 19. Qd3 c5 20. Qb5 Qd6 21. a5 Bc6
22. Qd3 bxa5 23. Rxa5 d4 24. e4 Nd7 25. Qc2 Ne5 26. Bg2 c4 27. bxc4 Qb4 28. Rea1
Nxc4 29. R5a2 d3 30. Qc3 Qxc3 31. Bxc3 Bxe4 32. Bxe4 Rxe4 33. Ra8 Ree8 34. Rxd8
Rxd8 35. Kf1 f6 36. Ra4 d2 0-1

[Event "21st Abu Dhabi Masters 2014"]
[Site "Abu Dhabi UAE"]
[Date "2014.08.21"]
[Round "2.23"]
[White "Gameel, Mohamed"]
[Black "Barnaure, Vlad-Victor"]
[Result "0-1"]
[WhiteTitle "IM"]
[BlackTitle "IM"]
[WhiteElo "2218"]
[BlackElo "2513"]
[WhiteFideId "9401440"]
[BlackFideId "1210610"]
[EventDate "2014.08.20"]

1. e4 d6 2. d4 Nf6 3. Nc3 c6 4. h3 Nbd7 5. Nf3 e5 6. a4 Be7 7. g4 O-O 8. Bg2
exd4 9. Nxd4 g6 10. O-O a5 11. Bh6 Re8 12. Qd2 Nc5 13. Rad1 Qb6 14. Rfe1 Nfd7
15. Bf4 Ne5 16. b3 Bf8 17. Bh6 Bxh6 18. Qxh6 f6 19. Qf4 Qd8 20. Qg3 Kg7 21. f4
Nf7 22. Kh1 Bd7 23. h4 Qe7 24. g5 fxg5 25. hxg5 Rh8 26. Kg1 Rae8 27. Bf3 Kf8 28.
Kg2 h6 29. gxh6 Rxh6 30. Rh1 Rxh1 31. Rxh1 Qf6 32. Nde2 Ke7 33. Rh7 Kd8 34. Qh4
Qxh4 35. Rxh4 Ke7 36. Kg3 g5 37. Rh7 gxf4+ 38. Nxf4 Rg8+ 39. Kf2 Kf8 40. Ke3 Rg3
41. Rh2 Ne5 42. Rf2 Bg4 0-1

[Event "21st Abu Dhabi Masters 2014"]
[Site "Abu Dhabi UAE"]
[Date "2014.08.21"]
[Round "2.24"]
[White "Siva, Mahadevan"]
[Black "Ganguly, Surya Shekhar"]
[Result "0-1"]
[BlackTitle "GM"]
[WhiteElo "2173"]
[BlackElo "2614"]
[WhiteFideId "25043153"]
[BlackFideId "5002150"]
[EventDate "2014.08.20"]

1. e4 e6 2. d4 d5 3. Nd2 Nf6 4. e5 Nfd7 5. Bd3 c5 6. c3 Nc6 7. Ngf3 g6 8. h4 Qb6
9. dxc5 Qc7 10. Nb3 Ncxe5 11. Nxe5 Nxe5 12. Be3 Bd7 13. Be2 h5 14. Qd4 Bg7 15.
O-O-O O-O 16. Qd2 Ba4 17. Bh6 Nc4 18. Bxc4 Bxh6 19. Qxh6 dxc4 20. Rd4 cxb3 21.
Rxa4 bxa2 22. Rxa2 Qxc5 23. Ra4 Rfd8 24. Rf4 Qd5 25. Rf6 Rd7 26. Re1 Rc8 27. Kb1
Qb3 0-1

[Event "21st Abu Dhabi Masters 2014"]
[Site "Abu Dhabi UAE"]
[Date "2014.08.21"]
[Round "2.25"]
[White "Derakhshani, Dorsa"]
[Black "Hesham, Abdelrahman"]
[Result "0-1"]
[WhiteTitle "WFM"]
[BlackTitle "IM"]
[WhiteElo "2169"]
[BlackElo "2387"]
[WhiteFideId "12500330"]
[BlackFideId "10600183"]
[EventDate "2014.08.20"]

1. e4 c5 2. Nf3 d6 3. d4 cxd4 4. Nxd4 Nf6 5. Nc3 a6 6. Be3 e5 7. Nb3 Be7 8. h3
h5 9. Be2 Be6 10. O-O Nbd7 11. f4 Rc8 12. f5 Bc4 13. Bxc4 Rxc4 14. Qd3 Qc7 15.
Rf2 O-O 16. Na5 Rd4 17. Bxd4 exd4 18. Qxd4 Qxa5 19. Nd5 Nxd5 20. Qxd5 Qb6 21.
Qb3 Qd4 22. Re1 Bd8 23. c3 Qc5 24. f6 Bb6 25. Rf1 Qe5 26. fxg7 Kxg7 27. c4 f5
28. c5 Bxc5 29. Qxb7 Rf7 30. Qb3 Nf6 31. exf5 Ne4 0-1

[Event "21st Abu Dhabi Masters 2014"]
[Site "Abu Dhabi UAE"]
[Date "2014.08.21"]
[Round "2.26"]
[White "Dimakiling, Oliver"]
[Black "Gadimbayli, Abdulla"]
[Result "1-0"]
[WhiteTitle "IM"]
[BlackTitle "FM"]
[WhiteElo "2371"]
[BlackElo "2162"]
[WhiteFideId "5202248"]
[BlackFideId "13404938"]
[EventDate "2014.08.20"]

1. c4 c5 2. Nc3 Nc6 3. Nf3 g6 4. e3 Bg7 5. d4 d6 6. Be2 Nf6 7. O-O O-O 8. b3 e5
9. d5 Ne7 10. e4 Ne8 11. Rb1 a5 12. a3 h6 13. b4 axb4 14. axb4 b6 15. Ne1 f5 16.
f3 f4 17. Nd3 g5 18. g4 fxg3 19. hxg3 Ng6 20. Be3 h5 21. Qd2 Bh6 22. Rf2 Nf4 23.
Rh2 Nxe2+ 24. Qxe2 Ng7 25. Nb5 Qf6 26. Rf1 g4 27. Bxh6 Qxh6 28. f4 exf4 29. Nxf4
Bd7 30. bxc5 bxc5 31. e5 Bxb5 32. cxb5 Ra3 33. Qxg4 hxg4 34. Rxh6 Rxg3+ 35. Kh2
Rb3 36. Rg6 g3+ 37. Kg2 Rb2+ 38. Kxg3 Ra8 39. Ne6 Ra3+ 40. Rf3 Ra7 41. exd6 Rxb5
42. Rf8+ Kh7 43. Rxg7+ 1-0

[Event "21st Abu Dhabi Masters 2014"]
[Site "Abu Dhabi UAE"]
[Date "2014.08.21"]
[Round "2.27"]
[White "Ayyad, Maher"]
[Black "Mohammad, Samir"]
[Result "0-1"]
[WhiteTitle "FM"]
[BlackTitle "FM"]
[WhiteElo "2147"]
[BlackElo "2369"]
[WhiteFideId "11200235"]
[BlackFideId "7600372"]
[EventDate "2014.08.20"]

1. d4 d6 2. Nf3 Nf6 3. c4 g6 4. Nc3 Bg7 5. g3 O-O 6. Bg2 Nc6 7. O-O a6 8. b3 Rb8
9. Bb2 b5 10. cxb5 axb5 11. Rc1 b4 12. Na4 Na7 13. Qc2 c6 14. e4 Ba6 15. Rfe1
Bb5 16. Nd2 Nd7 17. e5 Nb6 18. Nxb6 Rxb6 19. Nc4 Ra6 20. a4 bxa3 21. Nxa3 Rb6
22. Nxb5 Rxb5 23. Bxc6 Nxc6 24. Qxc6 Rxb3 25. Ba1 Rb6 26. Qc7 e6 27. Qxd8 Rxd8
28. Bc3 Rb5 29. Rb1 Rd5 30. f4 Bf8 31. Re2 Rc8 32. Ba1 Ra5 33. Kg2 h5 34. Rd1 d5
35. Bb2 Rc4 36. Kf2 Rb5 37. Rdd2 Kg7 38. Rc2 Ra4 39. Red2 Bb4 40. Bc3 Ra3 41.
Bxb4 Rxb4 42. Rb2 Rc4 43. Ke2 Rcc3 44. Rdc2 Re3+ 45. Kf2 h4 46. Rb7 hxg3+ 47.
hxg3 Rxg3 48. Rc6 Rgf3+ 49. Ke2 Rae3+ 50. Kd2 Re4 51. Rxe6 Rxd4+ 52. Kc2 Rdxf4
53. Ree7 Kh6 54. e6 fxe6 55. Rxe6 d4 56. Rbb6 Rc3+ 57. Kd2 Rf2+ 58. Ke1 Rg2 59.
Kf1 Rg4 60. Rbd6 Rc2 61. Rd5 Rh4 62. Kg1 Rd2 63. Re8 Rf4 64. Rh8+ Kg7 65. Rhd8
Re4 66. Kf1 Kf6 67. R8d6+ Re6 68. Rd7 Re4 69. R7d6+ Kf7 70. Rd7+ Kf6 71. R7d6+
Kf7 72. Rd7+ Kf8 73. Rc7 Re7 74. Rc6 Ra7 0-1

[Event "21st Abu Dhabi Masters 2014"]
[Site "Abu Dhabi UAE"]
[Date "2014.08.21"]
[Round "2.28"]
[White "Tissir, Mohamed"]
[Black "Fouad, Mofleh"]
[Result "1-0"]
[WhiteTitle "IM"]
[BlackTitle "FM"]
[WhiteElo "2366"]
[BlackElo "2128"]
[WhiteFideId "9000240"]
[BlackFideId "9400532"]
[EventDate "2014.08.20"]

1. e4 e5 2. Nf3 Nc6 3. Bb5 a6 4. Ba4 Nf6 5. O-O Be7 6. Re1 b5 7. Bb3 O-O 8. d3
d6 9. c3 Na5 10. Bc2 c5 11. Nbd2 Re8 12. Nf1 Bf8 13. Ng3 g6 14. h3 Bg7 15. Be3
Qc7 16. Qc1 d5 17. Bh6 Bh8 18. exd5 Nxd5 19. d4 cxd4 20. cxd4 Bb7 21. dxe5 Bxe5
22. Nxe5 Rxe5 23. Be4 Qe7 24. Bxd5 Bxd5 25. Rxe5 Qxe5 26. Qc5 Nb7 27. Qb6 Qxb2
28. Rd1 Qe5 29. f4 Qe6 30. Qd4 f6 31. Qxd5 Qxd5 32. Rxd5 Rd8 33. Ne4 Kf7 34.
Nxf6 Rd6 35. Rxd6 Nxd6 36. Nd5 a5 37. Bg5 Ke6 38. Ne3 b4 39. Bd8 a4 40. Ba5 b3
41. axb3 axb3 42. Bc3 Ne4 43. Bb2 Nc5 44. g3 Nd3 45. Nd1 Kd5 46. Kf1 Kc4 47. Ke2
Nxb2 48. Nxb2+ Kc3 49. Nd1+ Kc2 50. g4 1-0

[Event "21st Abu Dhabi Masters 2014"]
[Site "Abu Dhabi UAE"]
[Date "2014.08.21"]
[Round "2.29"]
[White "Ayyad, Husain"]
[Black "Pourkashiyan, Atousa"]
[Result "1/2-1/2"]
[WhiteTitle "FM"]
[BlackTitle "WGM"]
[WhiteElo "2146"]
[BlackElo "2352"]
[WhiteFideId "11200243"]
[BlackFideId "12502014"]
[EventDate "2014.08.20"]

1. e4 c5 2. Nf3 e6 3. d4 cxd4 4. Nxd4 a6 5. Bd3 Bc5 6. Nb3 Be7 7. Be3 Nf6 8.
N1d2 Nc6 9. O-O d5 10. f4 dxe4 11. Nxe4 Nb4 12. Bd4 Nxd3 13. Qxd3 O-O 14. Rad1
Nxe4 15. Qxe4 Qc7 16. Rf3 Bd7 17. Bxg7 Bc6 18. Rg3 Bxe4 19. Be5+ Bg6 20. Bxc7
Bh4 21. Rg4 Bd8 22. Rd7 Rc8 23. Be5 Rxc2 24. h4 f6 25. Bd4 e5 26. Bc5 f5 27.
Rxg6+ hxg6 28. Bxf8 Bb6+ 29. Bc5 Bxc5+ 30. Nxc5 Rxc5 31. fxe5 Rb5 32. e6 Kf8 33.
b3 a5 34. Rf7+ Kg8 35. Rc7 Kf8 36. Rf7+ Kg8 37. Kf2 Rb4 38. g3 b6 39. Kf3 Re4
40. Rb7 Rxe6 41. Kf4 Re4+ 42. Kf3 Rb4 1/2-1/2

[Event "21st Abu Dhabi Masters 2014"]
[Site "Abu Dhabi UAE"]
[Date "2014.08.21"]
[Round "2.30"]
[White "Ram, Aravind L N"]
[Black "Estremera Panos, Sergio"]
[Result "1/2-1/2"]
[WhiteTitle "FM"]
[BlackTitle "IM"]
[WhiteElo "2119"]
[BlackElo "2346"]
[WhiteFideId "25033760"]
[BlackFideId "2200864"]
[EventDate "2014.08.20"]

1. e4 e5 2. Nf3 Nc6 3. Bb5 a6 4. Ba4 Nf6 5. d3 b5 6. Bb3 Bc5 7. O-O d6 8. c3 Bb6
9. Re1 h6 10. Nbd2 O-O 11. Nf1 Ne7 12. Ng3 Ng6 13. h3 Re8 14. d4 exd4 15. cxd4
Bb7 16. Bc2 d5 17. e5 Ne4 18. Nxe4 dxe4 19. Bxe4 Bxe4 20. Rxe4 Qd5 21. Re1 Rad8
22. Be3 c5 23. dxc5 Bxc5 24. Bxc5 Qxc5 25. Qc1 Rd5 26. e6 Rxe6 27. Rxe6 fxe6 28.
Qxc5 Rxc5 29. Re1 Kf7 30. Re2 e5 31. g3 a5 32. h4 Ke6 33. Nd4+ Kf6 34. Nb3 Rc4
35. Nxa5 Ra4 36. Nc6 Rxa2 37. h5 Ra6 38. Nb4 Ra1+ 39. Kg2 Ne7 40. Nd3 Nc6 41.
Rc2 Nd4 42. Rc5 e4 43. Nf4 Nf3 44. Nd5+ Kf7 45. Ne3 b4 46. Rc7+ Kf6 47. Rc6+ Kf7
48. Rc7+ Kf6 49. Rc6+ Kf7 50. Rc7+ Kf6 51. Rc6+ Kf7 52. Rb6 1/2-1/2